01120cam a2200289 a 450000100100000000500170001000800410002704000300006808200200009810000440011824500910016226000620025330000280031549000330034349000290037649000210040565000290042665100400045565000410049583000420053683000380057883000300061691000340064604900090068095201240068999900170081300001816320240422104515.0790215s1976 cr 001 0 spa d aDO-SdBNPbspacDLCdBNPHU aCh860.44bB142v1 aBaeza Flores, Alberto,d1914-19989756510aViajero en el recuerdo :bmemorias en una tercera dimensión /cAlberto Baeza Flores. aSan José, Costa Rica :bEdiciones Época y Ser,c1976. a391 p. :bil. ;c22 cm.1 aNarradores de hispanoamerica1 aPoetas hispanoamericanos1 aTiempos de ahora 4aLiteratura chilena93164 4aChilexColeccion De Escritos939356 4aPoesía chilenaxColecciones939357 0aNarradores de hispanoamerica ;939358 0aPoetas hispanoamericanos ;917384 0aTiempos de ahora ;939359 aCatalogación por copia / LC aBNGR 001054708MOaGRbGRcCTd2010-04-16iLF1l0oCh860.44 B142vp18163-10r2020-06-25w2020-06-25y4ZPréstamo en sala c17684d17684